000 00489nam a2200181Ia 4500
999 _c28540
_d28540
003 OSt
005 20210105124353.0
008 190216s9999||||xx |||||||||||||| ||und||
020 _a9788122604740
040 _coclc
082 _a894.8122
_bCHA/D
100 _aChandran, T V
_98109
245 0 _aDany /
_cT V Chandran
260 _bCurrent Books,
_aTrissur:
_c2005.
300 _a103p
650 _aNadakam
942 _cBK
_2ddc
_h894.8122
_iCHA/D
_k894.8122
_mCHA/D